000
00323nam a22001337a 4500
008
170227b xxu||||| |||| 00| 0 eng d
020
_a
9781285109220
041
_a
eng
080
_2
10TH
_a
577
100
_a
5
101
_a
SHMB
245
_a
INTRODUCTION TO GENERAL, ORGANIC AND BIOCHEMISTRY
_c
BETTELHEIM
942
_2
udc
_c
BK
999
_c
6298
_d
6298